[Event "FRA"]
[Site "France"]
[Date "1993.??.??"]
[Round "?"]
[White "Lautier, Joel"]
[Black "Pinter, Jozsef"]
[Result "1/2-1/2"]
[WhiteElo "2645"]
[BlackElo "2580"]
[PlyCount "107"]
[EventDate "1993.??.??"]
[Source "www.chesslib.no"]
[SourceDate "2004.05.04"]

1. c4 e6 2. g3 Nf6 3. Bg2 d5 4. Nf3 dxc4 5. Qc2 Nbd7 6. Qxc4 a6 7. Qc2 c5 8. O-O Be7 9. d4 O-O 10. Rd1 Ra7 11. e4 b6 12. Nc3 Bb7 13. d5 exd5 14. e5 Ne8 15. Nxd5 Bxd5 16. Rxd5 Nc7 17. Rd3 Ne6 18. b3 Qb8 19. Bb2 Rd8 20. Rad1 b5 21. h4 h6 22. Bh3 Ndf8 23. Rxd8 Bxd8 24. Qe4 a5 25. Bf1 a4 26. Qc6 axb3 27. axb3 Rc7 28. Qe8 Re7 29. Qc6 Rc7 30. Qe4 Be7 31. Bc3 Ra7 32. Ra1 Rxa1 33. Bxa1 Qa7 34. Bc3 Qa2 35. Bxb5 Qxb3 36. Qd3 Bd8 37. Bc4 Qa3 38. Qd2 Bb6 39. Kg2 Qa7 40. Qd5 Ba5 41. Bb2 Qd7 42. Qa8 Qd8 43. Qe4 Bb4 44. Bc1 Qd7 45. Be3 Bc3 46. Qc2 Bb4 47. Qa2 Qb7 48. Bd5 Qd7 49. Be4 Nd4 50. Bxd4 cxd4 51. Qc4 Bc3 52. Ng1 Qe7 53. f4 g5 54. hxg5 1/2-1/2

[Event "Groningen PCA"]
[Site "Groningen"]
[Date "1993.??.??"]
[Round "7"]
[White "Illescas Cordoba, Miguel"]
[Black "Rozentalis, Eduardas"]
[Result "1/2-1/2"]
[WhiteElo "2625"]
[BlackElo "2600"]
[PlyCount "224"]
[EventDate "1993.12.??"]
[Source "ChessBase"]

1. c4 e6 2. Nc3 Bb4 3. Qb3 Nc6 4. Nf3 Nf6 5. a3 Bxc3 6. Qxc3 d6 7. d4 Qe7 8. g3 e5 9. d5 Nb8 10. Bg2 O-O 11. O-O c6 12. Nh4 cxd5 13. cxd5 Na6 14. b4 Bd7 15. e4 Rfc8 16. Qb3 Rc7 17. Be3 Rac8 18. Rac1 Qd8 19. Qb2 b6 20. Rxc7 Nxc7 21. Rc1 Nce8 22. f3 Rxc1+ 23. Qxc1 Qc7 24. Bf1 Qxc1 25. Bxc1 Nc7 26. Bd3 Nfe8 27. Bc2 f6 28. Be3 g6 29. Kf2 Kf7 30. f4 Ke7 31. Nf3 Ng7 32. Bc1 Nge8 33. Bb3 Nb5 34. Bb2 Nbc7 35. Ke3 Ng7 36. fxe5 dxe5 37. Nxe5 fxe5 38. Bxe5 Nge8 39. Bb2 Nd6 40. e5 Nf5+ 41. Kf4 Kf7 42. e6+ Nxe6+ 43. dxe6+ Bxe6 44. Bd1 Nd6 45. a4 Nc4 46. Bd4 Bd5 47. h4 Ke7 48. Bc2 Kf7 49. h5 Na3 50. hxg6+ hxg6 51. Bd3 Bb3 52. a5 Nc2 53. Bc3 Na3 54. Be4 Bc2 55. Bd5+ Ke7 56. Ke5 Nb5 57. Bd2 Nd6 58. Be3 Bd3 59. Kd4 Be2 60. Bf2 Ba6 61. axb6 axb6 62. Bb3 Bb7 63. Ke5 Ne4 64. Be1 Ng5 65. Kf4 Ne6+ 66. Ke3 Kd6 67. Bc2 g5 68. Bd2 Bd5 69. Bc3 Kc6 70. Bd3 Kd6 71. Bf6 Bc6 72. Bc3 Nc7 73. Bd2 Ne6 74. Be4 Bd5 75. Kd3 Ba2 76. Bb7 Bd5 77. Ba6 Bc6 78. Bc4 b5 79. Bb3 Ke5 80. Bc3+ Kd6 81. Bf6 Bd5 82. Bd1 Bc6 83. Be2 Bd5 84. Ke3 Bc6 85. Kd3 Bd5 86. Bg4 Bc6 87. Bh5 Bd5 88. Be8 Nc7 89. Bg6 Ne6 90. Be4 Kc6 91. Be7 Bxe4+ 92. Kxe4 g4 93. Kf5 Kd7 94. Bf6 Nc7 95. Bc3 Nd5 96. Bd2 Ke7 97. Kxg4 Kf6 98. Kh5 Kf7 99. Kg5 Ke6 100. g4 Nf6 101. Be3 Nd5 102. Bc5 Nc3 103. Kg6 Nd5 104. g5 Nf4+ 105. Kg7 Kf5 106. Kh6 Ng6 107. Be3 Ne5 108. Kg7 Ng6 109. Kf7 Ne5+ 110. Ke7 Nc6+ 111. Kf8 Ne5 112. Bd2 Kg6 1/2-1/2

[Event "Biel"]
[Site "Biel"]
[Date "1991.??.??"]
[Round "1"]
[White "Andersson, Ulf"]
[Black "Christiansen, Larry Mark"]
[Result "1/2-1/2"]
[WhiteElo "2625"]
[BlackElo "2600"]
[PlyCount "74"]
[EventDate "1991.07.??"]
[Source "ChessBase"]

1. Nf3 e6 2. c4 b6 3. g3 Ba6 4. b3 d5 5. Bg2 Nf6 6. Bb2 Bd6 7. O-O O-O 8. d3 c5 9. e4 Bc7 10. exd5 exd5 11. Na3 Nbd7 12. d4 Rc8 13. Ne5 Bd6 14. Nb5 Bb8 15. Nxd7 Qxd7 16. dxc5 dxc4 17. bxc4 Qxd1 18. Rfxd1 bxc5 19. Rac1 Rfd8 20. Rxd8+ Rxd8 21. Ba3 Rd2 22. Bxc5 h5 23. Bxa7 Bxa7 24. Nxa7 Ng4 25. c5 Nxf2 26. c6 Nd3 27. Rb1 g5 28. a4 Kg7 29. c7 Rc2 30. Nc6 Nc5 31. Bf1 Bc8 32. Ne7 Be6 33. c8=Q Bxc8 34. Nxc8 Nxa4 35. Nd6 Nc5 36. Re1 Ne6 37. Nxf7 Kxf7 1/2-1/2

[Event "It"]
[Site "?"]
[Date "1992.??.??"]
[Round "2"]
[White "Gurevich Mikhail N"]
[Black "Rozentalis Eduardas"]
[Result "1/2-1/2"]
[WhiteElo "2635"]
[BlackElo "2590"]
[PlyCount "124"]
[EventDate "1992.??.??"]
[Source "www.chesslib.no"]
[SourceDate "2004.05.04"]

1. c4 e6 2. Nc3 Bb4 3. Qb3 Nc6 4. Nf3 Nf6 5. a3 Bxc3 6. Qxc3 d6 7. d4 Qe7 8. g3 e5 9. d5 Nb8 10. Bg2 O-O 11. O-O h6 12. b4 b5 13. cxb5 a6 14. Nd2 axb5 15. Bb2 Bb7 16. Qd3 Nbd7 17. Rac1 Nb6 18. e4 Rfd8 19. f4 Ne8 20. Bh3 Ba6 21. Rf2 Nc4 22. Nxc4 bxc4 23. Qc3 Bb5 24. Bf1 Nf6 25. Re1 c6 26. Bxc4 Bxc4 27. Qxc4 cxd5 28. exd5 Rdc8 29. Qb3 Qa7 30. Kg2 Qb7 31. fxe5 Nxd5 32. Qf3 dxe5 33. Rxe5 Rd8 34. Kg1 f6 35. Re4 Qa7 36. h4 Qa4 37. Kh2 Rac8 38. Ree2 Qb5 39. Qg4 Kh8 40. Qg6 Re8 41. Rd2 Qb7 42. Bd4 Re1 43. Rg2 Ne7 44. Qh5 Rcc1 45. Rg1 Qe4 46. Bxf6 Qe3 47. Rxe1 Rxe1 48. Bxg7+ Kxg7 49. Rg2 Qe4 50. Qc5 Nc6 51. Qc2 Nd4 52. Qxe4 Rxe4 53. Rb2 Re3 54. a4 Ra3 55. b5 Rxa4 56. b6 Ra8 57. Rb4 Nf5 58. Rf4 Ne7 59. Rb4 Rb8 60. b7 Nc6 61. Rc4 Rxb7 62. Rxc6 Rb4 1/2-1/2

[Event "Mind Sports Games - Blitz Pair"]
[Site "Pechino CINA"]
[Date "2008.10.08"]
[Round "8"]
[White "Banikas, H."]
[Black "Zhang Zhong"]
[Result "1-0"]
[WhiteElo "2572"]
[BlackElo "2649"]
[PlyCount "73"]
[EventDate "2008.10.08"]
[Source "www.chesslib.no"]
[SourceDate "2004.05.04"]

1. Nf3 Nf6 2. c4 e6 3. g3 d5 4. Bg2 dxc4 5. Qa4+ c6 6. Qxc4 b5 7. Qc2 Bb7 8. O-O Nbd7 9. b3 c5 10. Bb2 Be7 11. d3 O-O 12. Nbd2 Qb6 13. e4 Rac8 14. Rac1 Rfd8 15. Qb1 Bf8 16. h3 h6 17. Rfd1 a6 18. Nf1 Be7 19. Ne3 Nb8 20. Ne5 Nc6 21. Nxc6 Bxc6 22. Qa1 Ne8 23. Ng4 Bb7 24. Rc2 h5 25. Ne5 Bf6 26. Kh2 Ba8 27. f4 Rd6 28. d4 Rdd8 29. dxc5 Rxc5 30. Rxc5 Qxc5 31. Nd7 Qc8 32. Nxf6+ gxf6 33. h4 Rxd1 34. Qxd1 Ng7 35. Bxf6 Qc6 36. Qd8+ Kh7 37. Qf8 1-0

[Event "Gibtelecom Masters"]
[Site "Catalan Bay ING"]
[Date "2007.01.30"]
[Round "7"]
[White "Pavlovic, Milo"]
[Black "Akopian, Vl"]
[Result "0-1"]
[WhiteElo "2521"]
[BlackElo "2700"]
[PlyCount "84"]
[EventDate "2007.01.23"]
[Source "www.chesslib.no"]
[SourceDate "2004.05.04"]

1. Nf3 Nf6 2. c4 e6 3. g3 d5 4. b3 a5 5. Nc3 d4 6. Nb5 Bc5 7. e3 Nc6 8. Bg2 e5 9. exd4 exd4 10. O-O O-O 11. d3 Ne7 12. h3 Bf5 13. Re1 c6 14. Ba3 b6 15. Bxc5 bxc5 16. Na3 Qd6 17. Ne5 Nd7 18. Nxd7 Bxd7 19. Nb1 f5 20. Nd2 f4 21. g4 f3 22. Nxf3 Ng6 23. Ng5 Nf4 24. Qf3 Qg6 25. Ne4 h5 26. Nxc5 hxg4 27. Qe4 Nxh3+ 28. Bxh3 Bf5 29. Qg2 gxh3 30. Qxg6 Bxg6 31. Ne6 Rf6 32. Kh2 Re8 33. Nxd4 Rd8 34. Ne6 Rxd3 35. f4 Rd2+ 36. Kg3 Bf5 37. Ng5 Rg2+ 38. Kf3 Bg4+ 39. Ke3 Rd6 40. Rab1 c5 41. a3 h2 42. f5 Rd4 0-1

[Event "Groningen PCA"]
[Site "Groningen"]
[Date "1993.??.??"]
[Round "9"]
[White "Ehlvest, Jaan"]
[Black "Rozentalis, Eduardas"]
[Result "1-0"]
[WhiteElo "2620"]
[BlackElo "2600"]
[PlyCount "113"]
[EventDate "1993.12.??"]
[Source "ChessBase"]

1. c4 e6 2. Nc3 Bb4 3. Qb3 Nc6 4. Nf3 Nf6 5. a3 Be7 6. d4 d5 7. cxd5 exd5 8. Bg5 O-O 9. e3 Na5 10. Qc2 Be6 11. Bd3 h6 12. Bf4 Nc6 13. h3 Bd6 14. Ne2 Re8 15. Rc1 Ne4 16. O-O Bxf4 17. Nxf4 Qd6 18. Rfd1 Ng5 19. Nxg5 hxg5 20. Nxe6 Rxe6 21. Be2 g6 22. Rd3 Ne7 23. Rb3 Rb8 24. Qxc7 Rc8 25. Qxc8+ Nxc8 26. Rxc8+ Kg7 27. Rxb7 Re7 28. Rxe7 Qxe7 29. b4 f5 30. Rc3 f4 31. Bf3 Qe6 32. Kh1 Qa6 33. Kg1 Qe6 34. Bd1 Qd6 35. Bg4 Qe7 36. Be2 Qe6 37. b5 Qb6 38. Rc5 Qa5 39. exf4 gxf4 40. Rxd5 Qxa3 41. Rd7+ Kf6 42. Bf1 Ke6 43. Rg7 Kf6 44. Rc7 Qa1 45. d5 Ke5 46. d6 Ke6 47. d7 Ke7 48. Rc6 Qb1 49. Rd6 Kd8 50. h4 Qe4 51. Rd1 Qe7 52. Bc4 Qf6 53. Be2 Qxh4 54. Bf3 Qf6 55. Bg4 Qc3 56. Kh2 g5 57. Kg1 1-0

[Event "Politiken Cup"]
[Site "Copenhagen"]
[Date "1996.??.??"]
[Round "10"]
[White "Gulko, Boris F"]
[Black "Rozentalis, Eduardas"]
[Result "1/2-1/2"]
[WhiteElo "2615"]
[BlackElo "2605"]
[PlyCount "48"]
[EventDate "1996.06.??"]
[Source "ChessBase"]

1. c4 e6 2. Nc3 Bb4 3. Qb3 Ba5 4. d4 d5 5. Nf3 Nf6 6. Bg5 c6 7. e3 Nbd7 8. cxd5 exd5 9. Bd3 O-O 10. O-O Re8 11. Qc2 h6 12. Bh4 Qe7 13. Rfe1 Qf8 14. a3 Bd8 15. b4 a5 16. b5 c5 17. dxc5 Qxc5 18. Na4 Qd6 19. Rec1 Nb6 20. Qc5 Qxc5 21. Nxc5 Be7 22. Nd4 a4 23. h3 Rf8 24. Bg3 g6 1/2-1/2

[Event "ch-Euro Blitz"]
[Site "Ajaccio FRA"]
[Date "2007.10.25"]
[Round "19"]
[White "Bauer, Ch"]
[Black "Jussupow, Ar"]
[Result "0-1"]
[WhiteElo "2634"]
[BlackElo "2583"]
[PlyCount "96"]
[EventDate "2007.10.25"]
[Source "www.chesslib.no"]
[SourceDate "2004.05.04"]

1. c4 e6 2. g3 d5 3. Bg2 Nf6 4. Nf3 dxc4 5. Qa4+ Nbd7 6. Qxc4 c5 7. O-O b6 8. d3 Bb7 9. e4 Bd6 10. Nc3 O-O 11. Nb5 Bb8 12. a4 a6 13. Na3 Ne5 14. Nxe5 Bxe5 15. Qc2 Bd4 16. Bf4 Nd7 17. Nc4 e5 18. Bd2 Qe7 19. Kh1 Bc6 20. f4 f5 21. Rae1 fxe4 22. dxe4 exf4 23. gxf4 Nf6 24. Nxb6 Rae8 25. Nd5 Qb7 26. Nxf6+ Rxf6 27. Bc3 Rfe6 28. Bxd4 cxd4 29. Qc4 Kh8 30. Qxd4 Bxe4 31. Kg1 h6 32. f5 Re5 33. f6 gxf6 34. Rxf6 Qg7 35. Qf2 Bxg2 36. Rxe5 Bd5+ 37. Kf1 Rxe5 38. Rf8+ Bg8 39. Qf4 Rg5 40. Rf6 Rg1+ 41. Ke2 Qg2+ 42. Ke3 Re1+ 43. Kd4 Qxb2+ 44. Kc5 Rc1+ 45. Kd6 Qb8+ 46. Ke7 Rc7+ 47. Kd6 Qd8+ 48. Ke5 Qd5# 0-1

[Event "Tilburg"]
[Site "Tilburg"]
[Date "1992.??.??"]
[Round "1"]
[White "Polugaevsky, Lev"]
[Black "Serper, Grigory"]
[Result "0-1"]
[WhiteElo "2640"]
[BlackElo "2575"]
[PlyCount "94"]
[EventDate "1992.10.??"]
[Source "ChessBase"]

1. Nf3 d5 2. c4 e6 3. g3 dxc4 4. Bg2 Nd7 5. Qc2 Ngf6 6. Na3 c5 7. Nxc4 b5 8. Nce5 Nd5 9. Nxd7 Bxd7 10. b3 Be7 11. Bb2 O-O 12. O-O Rc8 13. Rac1 Qb6 14. Ne5 Be8 15. a3 f6 16. e4 Nc7 17. Nd3 Na6 18. b4 Bd7 19. bxc5 Nxc5 20. Nxc5 Rxc5 21. Qd3 Rxc1 22. Rxc1 Rd8 23. e5 f5 24. Qf3 a5 25. d4 a4 26. g4 Rf8 27. gxf5 Rxf5 28. Qb7 Qxb7 29. Bxb7 Kf7 30. Rc7 Ke8 31. Bc6 Bxc6 32. Rxc6 Rf3 33. Rxe6 Rb3 34. d5 Kd7 35. Bd4 Rd3 36. Be3 Rxd5 37. Rb6 Rxe5 38. Bd4 Rd5 39. Rb7+ Ke6 40. Bb2 g6 41. Kg2 h5 42. Rb6+ Kf5 43. Rb7 Ke6 44. Rb6+ Kf5 45. Rb7 Bd6 46. Rf7+ Ke4 47. h4 Bc5 0-1

[Event "Moscow ol (Men)"]
[Site "Moscow"]
[Date "1994.??.??"]
[Round "10"]
[White "Azmaiparashvili, Zurab"]
[Black "Zvjaginsev, Vadim"]
[Result "1-0"]
[WhiteElo "2625"]
[BlackElo "2585"]
[PlyCount "73"]
[EventDate "1994.11.??"]
[Source "ChessBase"]

1. c4 e6 2. Nf3 Nf6 3. g3 d5 4. Bg2 Nc6 5. b3 d4 6. O-O Be7 7. e3 e5 8. exd4 e4 9. Ne5 Nxd4 10. Bb2 O-O 11. d3 exd3 12. Qxd3 Ne6 13. Nc3 c6 14. Rfe1 Bc5 15. Rad1 Qxd3 16. Rxd3 Nc7 17. Na4 Bb4 18. Bc3 Ba3 19. b4 Na6 20. b5 cxb5 21. cxb5 Nb4 22. Rd2 Be6 23. Bb2 Bxb2 24. Rxb2 Nbd5 25. Nc5 Rae8 26. Nxb7 Nc3 27. Nc6 Nfd5 28. Nd6 Ra8 29. f4 g6 30. Re5 Kh8 31. Rd2 Nb6 32. Nd4 Bd5 33. Bxd5 Ncxd5 34. Nc6 a6 35. a4 Nf6 36. a5 Nbd7 37. b6 1-0

[Event "New York op"]
[Site "New York"]
[Date "1998.03.19"]
[Round "6"]
[White "Akopian, Vladimir"]
[Black "Novikov, Igor A"]
[Result "1/2-1/2"]
[WhiteElo "2660"]
[BlackElo "2550"]
[PlyCount "56"]
[EventDate "1998.03.16"]
[Source "ChessBase"]
[SourceDate "1998.06.15"]

1. c4 e6 2. g3 d5 3. Bg2 c6 4. Qc2 dxc4 5. Qxc4 b5 6. Qb3 Bb7 7. a4 a6 8. Nc3 Nd7 9. d3 Ngf6 10. Nf3 Be7 11. O-O O-O 12. Be3 Ng4 13. Bf4 Qb6 14. h3 Ngf6 15. Be3 c5 16. axb5 Nd5 17. Bg5 Bxg5 18. Nxg5 Nxc3 19. Qxc3 Bxg2 20. Kxg2 axb5 21. Ne4 c4 22. Rxa8 Rxa8 23. dxc4 bxc4 24. Qxc4 Qxb2 25. Qc6 Nb6 26. Ng5 h6 27. Qe4 hxg5 28. Rb1 Ra4 1/2-1/2

[Event "Reykjavik Summit"]
[Site "Reykjavik"]
[Date "1990.??.??"]
[Round "?"]
[White "Gulko, Boris F"]
[Black "Agdestein, Simen"]
[Result "0-1"]
[WhiteElo "2610"]
[BlackElo "2600"]
[PlyCount "52"]
[EventDate "1990.03.??"]
[Source "ChessBase"]

1. c4 e6 2. Nc3 Bb4 3. e4 c5 4. g3 Nc6 5. Bg2 Nge7 6. Nge2 O-O 7. O-O a6 8. d4 cxd4 9. Nxd4 Nxd4 10. Qxd4 Nc6 11. Qd1 b5 12. e5 bxc4 13. Bf4 Bb7 14. Ne4 Be7 15. Qh5 Qa5 16. Rad1 d5 17. Bg5 dxe4 18. Bxe7 Nxe7 19. Rd7 Qb4 20. a3 Qxb2 21. Rxe7 Bd5 22. f4 c3 23. f5 c2 24. fxe6 c1=Q 25. Rexf7 Qd4+ 26. Kh1 Qxf1+ 0-1

[Event "Solingen m1"]
[Site "Solingen GER"]
[Date "1977.??.??"]
[Round "1"]
[White "Huebner, Robert"]
[Black "Spassky, Boris Vasily"]
[Result "1/2-1/2"]
[WhiteElo "2600"]
[BlackElo "2610"]
[PlyCount "80"]
[EventDate "1977.02.??"]
[Source "www.chesslib.no"]
[SourceDate "2004.05.04"]

1. c4 e6 2. Nf3 Nf6 3. g3 b6 4. Bg2 Bb7 5. O-O g6 6. d3 Bg7 7. e4 d6 8. Nc3 O-O 9. Re1 c5 10. d4 cxd4 11. Nxd4 Nbd7 12. b3 a6 13. Bb2 Qc7 14. Qe2 Rad8 15. Rad1 Nc5 16. f4 e5 17. fxe5 dxe5 18. Nc2 Rxd1 19. Rxd1 Rd8 20. Nd5 Nxd5 21. cxd5 a5 22. Ne3 Ba6 23. Qc2 h5 24. h4 Bh6 25. Qc3 f6 26. Kh2 Kh7 27. Nf1 Rc8 28. Qf3 Qd8 29. Bc1 Nb7 30. Bxh6 Kxh6 31. g4 hxg4 32. Qxg4 Bxf1 33. Rxf1 Nd6 34. Qg3 Rc2 35. Rf2 Rxf2 36. Qxf2 Kg7 37. Qc2 f5 38. Kh3 fxe4 39. Bxe4 Qf6 40. Qc7+ Kh6 1/2-1/2

[Event "Olimpiadi 2008 - open"]
[Site "Dresda GER"]
[Date "2008.11.25"]
[Round "11"]
[White "Kotsur, P."]
[Black "Georgiev, Ki"]
[Result "1/2-1/2"]
[WhiteElo "2563"]
[BlackElo "2645"]
[PlyCount "142"]
[EventDate "2008.11.13"]
[Source "www.chesslib.no"]
[SourceDate "2004.05.04"]

1. Nf3 Nf6 2. c4 e6 3. g3 d5 4. Bg2 dxc4 5. Qa4+ Nbd7 6. Qxc4 c5 7. Qc2 b6 8. O-O Bb7 9. b3 Be7 10. Bb2 O-O 11. d3 Rc8 12. Nbd2 Rc7 13. Rac1 Qa8 14. Qb1 Rfc8 15. Rc2 Nd5 16. a3 b5 17. Rfc1 a5 18. Qa1 Bf8 19. e4 N5b6 20. Ne1 Qb8 21. Bc3 b4 22. Bb2 a4 23. bxa4 Nxa4 24. axb4 Nxb2 25. bxc5 Nxd3 26. Nxd3 Nxc5 27. Nxc5 Bxc5 28. Nb3 Bb6 29. Rxc7 Rxc7 30. Qb2 h6 31. Rxc7 Qxc7 32. Nd2 Qc5 33. Nf1 Ba6 34. Qd2 Bb5 35. Qe3 Qc7 36. Qb3 Ba6 37. Qa2 Bd3 38. Qa8+ Kh7 39. Qa2 Qc5 40. Qb2 Ba7 41. Qd2 Qb5 42. Qa2 Bd4 43. Qd2 Qb1 44. Qf4 Kg8 45. h4 Qe1 46. Qd2 Qb1 47. Qf4 e5 48. Qf3 Bc4 49. h5 Qe1 50. Qf5 Be6 51. Qf3 Bc5 52. g4 Bd4 53. Bh3 Bc4 54. Qf5 Ba6 55. Qf3 Bb7 56. Bg2 Bc8 57. Bh3 Ba6 58. Bg2 Qc1 59. Bh3 Kf8 60. Bg2 Ke7 61. Bh3 Bc4 62. Bg2 Ke8 63. Bh3 Kd8 64. Bg2 Kc7 65. Bh3 Kb6 66. Bg2 Ka5 67. Bh3 Kb4 68. Bg2 Qe1 69. Bh3 Qc1 70. Bg2 Be6 71. Bh3 Bc4 1/2-1/2

[Event "Groningen PCA"]
[Site "Groningen"]
[Date "1993.??.??"]
[Round "5"]
[White "Polugaevsky, Lev"]
[Black "Rozentalis, Eduardas"]
[Result "1/2-1/2"]
[WhiteElo "2605"]
[BlackElo "2600"]
[PlyCount "97"]
[EventDate "1993.12.??"]
[Source "ChessBase"]

1. c4 e6 2. Nc3 Bb4 3. Qb3 Nc6 4. Nf3 Nf6 5. a3 Bxc3 6. Qxc3 d6 7. g3 e5 8. Bg2 Qe7 9. O-O O-O 10. b4 a6 11. Bb2 Re8 12. d3 Bg4 13. e3 Qd7 14. Rfe1 h6 15. Nd2 h5 16. b5 axb5 17. cxb5 Na5 18. a4 c6 19. bxc6 Nxc6 20. Nc4 Rad8 21. a5 d5 22. Nb6 Qe6 23. Qc5 h4 24. a6 bxa6 25. Rxa6 Nb8 26. Ra5 Qf5 27. e4 dxe4 28. dxe4 Nxe4 29. Qe3 Qxf2+ 30. Qxf2 Nxf2 31. Raxe5 Rxe5 32. Bxe5 Nd3 33. Bc7 Nxe1 34. Bxd8 Nxg2 35. Kxg2 h3+ 36. Kf2 Nc6 37. Bc7 Be6 38. Na4 f6 39. Nc5 Bg4 40. Ke3 g5 41. Ne4 Kf7 42. Nf2 f5 43. Nd3 Ke6 44. Bb6 Kd5 45. Bc5 Bd1 46. Ba3 Nd4 47. Bb2 Ne6 48. Nf2 Bg4 49. Nxg4 1/2-1/2

[Event "Bundesliga 9394"]
[Site "GER"]
[Date "1994.??.??"]
[Round "?"]
[White "Lutz, Christopher"]
[Black "Rozentalis, Eduardas"]
[Result "1-0"]
[WhiteElo "2595"]
[BlackElo "2605"]
[PlyCount "93"]
[EventDate "1993.10.??"]
[Source "www.chesslib.no"]
[SourceDate "2004.05.04"]

1. c4 e6 2. Nc3 Bb4 3. Qb3 Ba5 4. Nf3 b6 5. g3 Bb7 6. Bg2 Nf6 7. O-O c5 8. d4 cxd4 9. Nb5 O-O 10. Bf4 a6 11. Nbxd4 d5 12. Rfd1 Nbd7 13. cxd5 Bxd5 14. Qa3 b5 15. Rac1 Bb6 16. Nc6 Qe8 17. Ne7+ Kh8 18. Nxd5 exd5 19. e3 h6 20. Rc6 Rg8 21. Rdc1 a5 22. Qd3 b4 23. Nd4 Ba7 24. Qf5 Bxd4 25. exd4 Qe2 26. Bxh6 gxh6 27. Rxf6 Nxf6 28. Qxf6+ Rg7 29. Qxh6+ Kg8 30. Bxd5 Rd8 31. Qh4 Re8 32. Rc7 Qd3 33. Kg2 Qf5 34. Bf3 Rh7 35. Qg4+ Qxg4 36. Bxg4 Rd8 37. Rc4 Rh6 38. Bf3 Re6 39. d5 Re1 40. Rc5 Rb1 41. b3 Ra8 42. Bg4 Ra6 43. Be2 Ra7 44. d6 Rd7 45. Rd5 Rb2 46. Bb5 Rd8 47. d7 1-0

[Event "Groningen PCA"]
[Site "Groningen"]
[Date "1993.??.??"]
[Round "9"]
[White "Ljubojevic, Ljubomir"]
[Black "Hjartarson, Johann"]
[Result "1/2-1/2"]
[WhiteElo "2595"]
[BlackElo "2605"]
[PlyCount "55"]
[EventDate "1993.12.??"]
[Source "ChessBase"]

1. Nf3 Nf6 2. c4 e6 3. b3 d5 4. Bb2 a5 5. e3 Be7 6. Be2 c6 7. O-O a4 8. bxa4 Qa5 9. cxd5 exd5 10. Nc3 Nbd7 11. Qb1 O-O 12. Bd1 Re8 13. Bc2 Nb6 14. a3 Nc4 15. Bc1 h6 16. h3 Nd7 17. e4 Bf6 18. exd5 cxd5 19. Qb4 Ndb6 20. d4 Bd7 21. Rb1 Rec8 22. Re1 Qxb4 23. Rxb4 Nxa3 24. Bxa3 Rxc3 25. Rxb6 Rxa3 26. Rxb7 Bxa4 27. Bxa4 R3xa4 28. Rd1 1/2-1/2

[Event "IX Camp. europeo T/B Medals"]
[Site "Plovdiv BUL"]
[Date "2008.05.03"]
[Round "1.1"]
[White "Nyback, T."]
[Black "Kryvoruchko, Y."]
[Result "1/2-1/2"]
[WhiteElo "2587"]
[BlackElo "2612"]
[PlyCount "69"]
[EventDate "2008.05.03"]
[Source "www.chesslib.no"]
[SourceDate "2004.05.04"]

1. Nf3 Nf6 2. c4 e6 3. g3 b6 4. Bg2 Bb7 5. O-O Be7 6. Nc3 O-O 7. Re1 Ne4 8. Nxe4 Bxe4 9. d3 Bb7 10. d4 Be4 11. Bh3 Bxf3 12. exf3 d5 13. f4 dxc4 14. f5 exf5 15. Bg2 c6 16. d5 Bf6 17. dxc6 Qxd1 18. Rxd1 Na6 19. Rb1 Rac8 20. Bf4 g5 21. Bd6 Rfd8 22. a4 Kg7 23. Rbc1 Kg6 24. Rc2 Nc5 25. g4 Nd3 26. gxf5+ Kg7 27. Bg3 Ne5 28. Rxd8 Rxd8 29. c7 Rd1+ 30. Bf1 Nf3+ 31. Kh1 g4 32. Kg2 Ne1+ 33. Kg1 Nf3+ 34. Kg2 Ne1+ 35. Kg1 1/2-1/2

[Event "Europa ch 2008"]
[Site "Plovdiv BUL"]
[Date "2008.04.30"]
[Round "9.20"]
[White "Andreikin, Dmitry"]
[Black "Vitiugov, Nikita"]
[Result "1/2-1/2"]
[WhiteElo "2580"]
[BlackElo "2617"]
[PlyCount "57"]
[EventDate "2008.04.21"]
[Source "www.chesslib.no"]
[SourceDate "2004.05.04"]

1. Nf3 d5 2. c4 e6 3. g3 Nf6 4. Bg2 dxc4 5. Qa4+ Nbd7 6. Qxc4 c5 7. O-O b6 8. Nc3 Bb7 9. d4 Rc8 10. Bg5 cxd4 11. Qxd4 Bc5 12. Qh4 O-O 13. Rad1 Qe8 14. e4 h6 15. Bxh6 gxh6 16. Qxh6 Nh7 17. Ng5 Nxg5 18. Qxg5+ Kh7 19. e5 Bxg2 20. Qh5+ Kg7 21. Kxg2 Qe7 22. Qg4+ Kh8 23. Qh5+ Kg7 24. b4 Bxb4 25. Qg4+ Kh8 26. Rxd7 Qxd7 27. Qh5+ Kg7 28. Qg5+ Kh7 29. Qh5+ 1/2-1/2

[Event "Hastings"]
[Site "?"]
[Date "1996.??.??"]
[Round "?"]
[White "Conquest, S."]
[Black "Rozentalis, E."]
[Result "0-1"]
[WhiteElo "2585"]
[BlackElo "2610"]
[PlyCount "60"]
[EventDate "1996.??.??"]
[Source "ChessBase"]
[SourceDate "1996.10.01"]

1. c4 e6 2. Nc3 Bb4 3. Qb3 Ba5 4. Nf3 Nf6 5. d4 d5 6. Bg5 dxc4 7. Qa4+ Nc6 8. e4 Bd7 9. Qxc4 h6 10. Bxf6 Qxf6 11. a3 O-O-O 12. Be2 g5 13. e5 Qg7 14. O-O Bb6 15. Rad1 g4 16. Ne1 h5 17. Nc2 h4 18. Ne4 g3 19. h3 Na5 20. Qc3 Ba4 21. Nc5 Bxc2 22. Qxc2 gxf2+ 23. Kh1 Nc6 24. Bf3 Nxd4 25. Qe4 c6 26. Rxd4 Bxc5 27. Rc4 Rd5 28. Qc2 Qxe5 29. Re4 Qd6 30. Rc4 Bb6 0-1

[Event "Interzonal"]
[Site "Biel izt"]
[Date "1993.??.??"]
[Round "?"]
[White "Gurevich, Mikhail N"]
[Black "Oll, Lembit"]
[Result "0-1"]
[WhiteElo "2610"]
[BlackElo "2585"]
[PlyCount "95"]
[EventDate "1993.??.??"]
[Source "www.chesslib.no"]
[SourceDate "2004.05.04"]

1. Nf3 Nf6 2. c4 e6 3. g3 d5 4. Bg2 dxc4 5. Na3 Bxa3 6. bxa3 O-O 7. Qc2 Nc6 8. Bb2 Re8 9. Qxc4 e5 10. Ng5 Qe7 11. Rc1 Bf5 12. O-O Nd7 13. Nf3 Nb6 14. Qc3 Rad8 15. d3 Nd4 16. Nxd4 exd4 17. Qa5 Bg4 18. Rfe1 Qd7 19. Bxb7 c5 20. Bf3 Bxf3 21. exf3 Rxe1+ 22. Qxe1 Qb5 23. Qe7 Rf8 24. Ba1 Re8 25. Qxa7 h6 26. Kg2 Re2 27. Qb8+ Kh7 28. Rc4 Qa5 29. Qf4 Qe1 30. Rxc5 Qxf2+ 31. Kh3 Qxh2+ 32. Kg4 Re6 33. Bxd4 Rg6+ 34. Kf5 Nd7 35. Rd5 Rg5+ 36. Qxg5 hxg5 37. Rxd7 Qxg3 38. Ke4 Qf4+ 39. Kd5 Qxf3+ 40. Kc5 g4 41. a4 g3 42. a5 Qxd3 43. Rxf7 Qxd4+ 44. Kxd4 g2 45. a6 g1=Q+ 46. Kd5 Qg5+ 47. Kc4 Qg6 48. Kb3 0-1

[Event "EUCup final"]
[Site "Budapest"]
[Date "1996.??.??"]
[Round "3"]
[White "Conquest, Stuart"]
[Black "Rozentalis, Eduardas"]
[Result "0-1"]
[WhiteElo "2585"]
[BlackElo "2610"]
[PlyCount "44"]
[EventDate "1996.11.27"]
[Source "ChessBase"]

1. c4 e6 2. Nc3 Bb4 3. e4 Ne7 4. Nf3 O-O 5. Be2 d5 6. exd5 exd5 7. Qb3 Bd6 8. cxd5 Nd7 9. d4 Nb6 10. Bg5 f6 11. Bh4 Kh8 12. O-O Nexd5 13. Rfe1 c6 14. Bf1 Qc7 15. Ne4 Bg4 16. Nxd6 Qxd6 17. a3 Rad8 18. Bg3 Qd7 19. Nd2 Bf5 20. Ne4 Bxe4 21. Rxe4 f5 22. Rh4 f4 0-1

[Event "Groningen PCA"]
[Site "Groningen"]
[Date "1993.??.??"]
[Round "7"]
[White "Polugaevsky, Lev"]
[Black "Ruban, Vadim"]
[Result "1/2-1/2"]
[WhiteElo "2605"]
[BlackElo "2590"]
[PlyCount "41"]
[EventDate "1993.12.??"]
[Source "ChessBase"]

1. c4 e6 2. g3 d5 3. Bg2 dxc4 4. Qa4+ Nd7 5. Qxc4 c5 6. d3 Ngf6 7. Qc2 Be7 8. Nf3 O-O 9. O-O Nd5 10. Nc3 b6 11. Nxd5 exd5 12. d4 Bb7 13. Bf4 Nf6 14. Rad1 c4 15. b3 cxb3 16. axb3 Ne4 17. Ne5 Rc8 18. Qb2 f6 19. Nd3 Qd7 20. Rc1 Rxc1 21. Rxc1 1/2-1/2

[Event "Biel (izt)"]
[Site "?"]
[Date "1993.??.??"]
[Round "?"]
[White "Agdestein, S."]
[Black "Nogueiras, J."]
[Result "1/2-1/2"]
[WhiteElo "2610"]
[BlackElo "2580"]
[PlyCount "71"]
[EventDate "1993.??.??"]
[Source "ChessBase"]
[SourceDate "1993.10.01"]

1. c4 e6 2. g3 d5 3. Bg2 c6 4. Nf3 Nf6 5. b3 a5 6. O-O a4 7. Na3 Be7 8. Bb2 O-O 9. d4 b6 10. Ne5 Bb7 11. Qc1 axb3 12. axb3 Na6 13. Rd1 Bd6 14. Bc3 Qe7 15. Qb2 Rfb8 16. e3 Ne4 17. Be1 f5 18. f3 Nf6 19. Bc3 Nb4 20. Nc2 Nxc2 21. Qxc2 c5 22. Nd3 cxd4 23. Bxd4 dxc4 24. bxc4 Nd7 25. Rxa8 Bxa8 26. f4 Bxg2 27. Qxg2 Rc8 28. Qa2 Nc5 29. Nf2 Qc7 30. Ra1 Bf8 31. Qb1 Nd7 32. Qb5 Bc5 33. Rd1 Bxd4 34. exd4 Nf6 35. Rc1 Qd6 36. Qe5 1/2-1/2